Narendr kohli ke upanyason mein adhunikta bodh: (Record no. 119942)

MARC details
000 -LEADER
fixed length control field 00659nam a2200217Ia 4500
003 - CONTROL NUMBER IDENTIFIER
control field OSt
005 - DATE AND TIME OF LATEST TRANSACTION
control field 20250313145523.0
008 - FIXED-LENGTH DATA ELEMENTS--GENERAL INFORMATION
fixed length control field 210210b2015 xxu||||| |||| 00| 0 eng d
020 ## - INTERNATIONAL STANDARD BOOK NUMBER
International Standard Book Number 9788183901444
040 ## - CATALOGING SOURCE
Transcribing agency AL
041 ## - LANGUAGE CODE
Language code of text/sound track or separate title hin
082 ## - DEWEY DECIMAL CLASSIFICATION NUMBER
Classification number H891.309 RAJN
100 ## - MAIN ENTRY--PERSONAL NAME
Personal name RAJIV (C)
9 (RLIN) 206106
110 ## - MAIN ENTRY--CORPORATE NAME
Subordinate unit राजीव सी
9 (RLIN) 206107
245 ## - TITLE STATEMENT
Title Narendr kohli ke upanyason mein adhunikta bodh:
Remainder of title नरेंद्र कोहली के उपन्यासों में अदुनिकता बोध
260 ## - PUBLICATION, DISTRIBUTION, ETC.
Place of publication, distribution, etc. Dilli
Name of publisher, distributor, etc. -
Date of publication, distribution, etc. 2015
300 ## - PHYSICAL DESCRIPTION
Extent x,132
690 ## - LOCAL SUBJECT ADDED ENTRY--TOPICAL TERM (OCLC, RLIN)
Topical term or geographic name as entry element Hindi Criticism
9 (RLIN) 206115
906 ## - LOCAL DATA ELEMENT F, LDF (RLIN)
a 070516
942 ## - ADDED ENTRY ELEMENTS (KOHA)
Source of classification or shelving scheme Dewey Decimal Classification
Koha item type Book
Holdings
Withdrawn status Lost status Source of classification or shelving scheme Damaged status Not for loan Collection code Home library Current library Date acquired Source of acquisition Cost, normal purchase price Total Checkouts Full call number Barcode Date last seen Price effective from Koha item type
    Dewey Decimal Classification     Hindi St Aloysius Library St Aloysius Library 02/17/2021 Rajatagiri, 1374(A), Pilipanjara Road, Kodangal (P), Moodbidri-574227 600.00   H891.309 RAJN 070516 02/17/2021 02/17/2021 Book